000 01185nas a2200265 454500
001 4786
005 20260407193504.0
008 260407s1949####ag###########|||spa#d
003 AR-UNSa-BCEJYS
040 _aAR-UNSa-BCEJYS
_bspa
_cAR-UNSa-BCEJYS
080 _a050.8
_xAnuarios. Directorios. Libros de direcciones
245 1 0 _aAnuario Estadístico de la República Argentina
022 _a0326-2936
264 1 _aBuenos Aires :
_bINDEC
_c1949
310 _aPeriodicidad: Anual
505 _a1. Datos geográficos, climatológicos y organización político-administrativa de la República Argentina -- 2. Población -- 3. Aspectos sociales -- 4. Indices de precios -- 5. Aspectos económicos -- 6. Actividades financieras -- 7. Sector público -- 8. Sector externo -- 9. Cuentas nacionales -- 10. Ciencia y tecnología
942 _cSER
590 _aniveau_biblio:s niveau_hierar:1
100 1 _aInstituto Nacional de Estadística y Censos (INDEC)
650 _aDesarrollo económico y social
650 _aArgentina
650 _aDatos estadísticos
650 _aAnuario
856 4 1 _uhttps://biblioeco.unsa.edu.ar/pmb/images/revistas/R09834.jpg
_yImagen de portada
_qimage/jpeg
999 _c8410
_d8410